Score 0/24 Timer 08:00
0 Plays Today
Clue '_ _ _' % Correct
Share paper's wound.CUT
74.7%
Ex-military animal doctor.VET
68.8%
Deep hole found in fruit?PIT
65.8%
Negative horse cry.NAY
64.8%
Weird and uneven.ODD
61.2%
Letter that questions reason.WHY
60.6%
Blackhead in garbage container.BIN
50.7%
Slightly open without a receptacle. JAR
50.5%
Run around holder of the Ashes.URN
50%
Allow to hit the net.LET
49.7%
Umpire bereft without wager.REF
48.4%
Payment for endless feed.FEE
47.9%
Clue '_ _ _' % Correct
Shell usage and return fuel.GAS
47.2%
Binary response lost in eyesight.YES
46.6%
Black liquid in cocktail?INK
44.3%
Fasten nothing.ZIP
41%
Network produces pair.TWO
40.3%
Cool joint!HIP
40%
Ushered inside for woman.SHE
37%
Demon hides punk rocker!EMO
35.8%
Call curse on barricade.DAM
31%
Earlier silver ring.AGO
30.4%
Mother adds kiss for full amount.MAX
28.2%
A minor legend?KEY
23.1%
Remove Ads.
Support Sporcle.
Get the best of Sporcle when you Go Orange. This ad-free experience offers more features, more stats, and more fun while also helping to support Sporcle. Thank you for becoming a member.

You're not logged in!

Compare scores with friends on all Sporcle quizzes.
OR
Log In

Show Comments

Extras

Top Quizzes Today


Score Distribution

Your Account Isn't Verified!

In order to create a playlist on Sporcle, you need to verify the email address you used during registration. Go to your Sporcle Settings to finish the process.

Report this User

Report this user for behavior that violates our Community Guidelines.

Details: